| 000 | 00928nam a22002057a 4500 | ||
|---|---|---|---|
| 999 |
_c19644 _d19644 |
||
| 003 | AR-CdUCM | ||
| 008 | 190518b ||||| |||| 00| 0 spa d | ||
| 040 |
_aMUNICIPALIDAD PROVINCIAL DEL CUSCO _cBIBLIOTECA MUNICIPAL DEL CUSCO |
||
| 082 |
_a373.6 / _bS21 |
||
| 100 |
_aSánchez, Benjamín _941101 |
||
| 245 |
_aLenguaje escrito : _bdiagnóstico, enseñanza y recuperación / |
||
| 260 |
_aBuenos Aires : _bKapelusz, _c1972. |
||
| 300 |
_a125 páginas ; _c24 cm. |
||
| 440 |
_aColección de pedagogía practica ; _98943 |
||
| 505 | _aContenido: La composición escrita -- Diagnostico de la composición escrita dirigido hacia los alumnos -- Enseñanza, recuperación de la composición escrita -- Diagnostico y recuperación en escritura -- El maestro y la enseñanza de la escritura... | ||
| 650 |
_aLenguaje y educación _941102 |
||
| 650 |
_aTrastornos del habla _913295 |
||
| 942 |
_2ddc _cLIBROS |
||
| 945 |
_aacv _d2019-05-18 |
||